000 00296nam a22001337a 4500
008 170802b xxu||||| |||| 00| 0 eng d
020 _a9780201699692
041 _aeng
080 _a004
100 _a32
101 _aSHK
245 _aAGILE SOFTWARE DEVELOPMENT
_cCOCKBURN,A
942 _2udc
_cBK
999 _c22500
_d22500